| 000 | 00490nam a2200181Ia 4500 | ||
|---|---|---|---|
| 003 | GCL | ||
| 008 | 140319s9999 xx 000 0 eng d | ||
| 040 |
_aGCL / _cGCL |
||
| 082 | 0 | 4 |
_a621.381528 _bT G |
| 100 | 1 | _aRITCHIE,G.J | |
| 245 | 1 | 0 |
_aTRANSISTOR CIRCUIT TECHNIQUES DISCRETE AND INTEGRATED . THIRD EDTITION / _cRITCHIE,G.J |
| 260 |
_a[S.N] : _bCHAPMAN & HALL ، _c1990 |
||
| 300 | _a224 P | ||
| 650 | 0 | 4 | _aTRANSISTORS |
| 650 | 0 | 4 | _aAUDIO POWER |
| 650 | 0 | 4 | _aPOWER |
| 942 |
_2ddc _cBK |
||
| 999 |
_c17111 _d17111 |
||